000 00816cas a22002777a 4500
005 20220329142313.0
008 000525d1976 mx qr pernn 0 b1spa d
010 _a81340
011 _a82312
022 _a186-3339
035 _a92801
245 0 0 _aAmoxtli :
_bDinámica Bibliotecológica
260 0 _aMéxico, D. F. :
_b[s.e.],
_c1976-
300 _av.
310 _aTrimestral
362 _av.1 n.1, 1975
590 _aBATCH-UPD
_b10
_c20130110
_lUCH01
_h0710
590 _aBATCH-UPD
_b10
_c20130410
_lUCH01
_h0356
590 _aBATCH-UPD
_b10
_c20130914
_lUCH01
_h0625
590 _aCONVERSION
_b10
_c20130109
_lUCH01
_h1345
650 1 4 _aBiblioteconomía
_xPublicaciones periódicas.
_912581
866 _av.1 n.1 (1975)
866 _av.2 n.2 (1976)
901 _aSE
905 _aLilia Sánchez G.
999 _c81340
_d81340